| 000 -LEADER |
| fixed length control field |
01090nam a2200265Ia 4500 |
| 001 - CONTROL NUMBER |
| control field |
8782 |
| 003 - CONTROL NUMBER IDENTIFIER |
| control field |
GE_BSU |
| 008 - FIXED-LENGTH DATA ELEMENTS--GENERAL INFORMATION |
| fixed length control field |
181216s||||||||xx |||||||||||||| ||und|| |
| 040 ## - CATALOGING SOURCE |
| Transcribing agency |
GE_BSU |
| 080 ## - UNIVERSAL DECIMAL CLASSIFICATION NUMBER |
| Universal Decimal Classification number |
821.353.1–1 |
| 100 ## - MAIN ENTRY--PERSONAL NAME |
| Personal name |
თუმანიშვილი,დიმიტრი |
| 245 ## - TITLE STATEMENT |
| Title |
დიმიტრი თუმანიშვილის ლექსები |
| 245 ## - TITLE STATEMENT |
| Remainder of title |
ლექსები |
| 245 ## - TITLE STATEMENT |
| Statement of responsibility, etc. |
მიხ.ხელთუბნელის რედაქციით |
| 260 ## - PUBLICATION, DISTRIBUTION, ETC. |
| Place of publication, distribution, etc. |
თბილისი |
| 260 ## - PUBLICATION, DISTRIBUTION, ETC. |
| Name of publisher, distributor, etc. |
ფედერაცია |
| 260 ## - PUBLICATION, DISTRIBUTION, ETC. |
| Date of publication, distribution, etc. |
1938 |
| 300 ## - PHYSICAL DESCRIPTION |
| Extent |
110გვ.18სმ |
| 300 ## - PHYSICAL DESCRIPTION |
| Other physical details |
დანართი:შენიშვნები(გვ105–107) |
| 300 ## - PHYSICAL DESCRIPTION |
| Dimensions |
წანართი:გამომცებლობისაგან (გვ.5–6) |
| 300 ## - PHYSICAL DESCRIPTION |
| Accompanying material |
ბიბლიოგრაფია,ლიტერატურა,შენიშვნები |
| 653 ## - INDEX TERM--UNCONTROLLED |
| Uncontrolled term |
დიმიტრი თუმანიშვილის ლექსები |
| 653 ## - INDEX TERM--UNCONTROLLED |
| Uncontrolled term |
ლექსები |
| 942 ## - ADDED ENTRY ELEMENTS (KOHA) |
| Koha item type |
წიგნი |